[Event "M.Chigorin Memorial 2017 "]
[Site "?????-?????????"]
[Date "2017.10.27"]
[Round "7"]
[Board "36"]
[White "Remizov, Yaroslav"]
[Black "Kezin, Roman"]
[Result "0-1"]
[WhiteElo "2306"]
[BlackElo "2455"]
[PlyCount "84"]
[EventDate "2017.10.21"]
[EventRounds "9"]
[EventCountry "RUS"]

1. e4 c5 2. Nf3 e6 3. d4 cxd4 4. Nxd4 Nc6 5. Nc3 Qc7 6. Be2 a6 7. O-O Nf6 8.
Be3 Bb4 9. Na4 O-O 10. c4 Bd6 11. Nc3 Bxh2+ 12. Kh1 Bf4 13. Bxf4 Qxf4 14. g3
Qc7 15. f4 d6 16. Kg2 Bd7 17. Rc1 Rfe8 18. Bf3 Nxd4 19. Qxd4 e5 20. Qe3 Qxc4
21. f5 Qd4 22. Qe2 Qb6 23. g4 h6 24. Qd2 Qd4 25. Qxd4 exd4 26. Nd5 Nxd5 27.
exd5 Rac8 28. Rcd1 d3 29. b3 Re2+ 30. Rf2 Rxf2+ 31. Kxf2 Rc2+ 32. Ke3 Rxa2 33.
Kxd3 Bb5+ 34. Kc3 Rf2 35. Bh1 Rf4 36. Rg1 Rf1 37. Rxf1 Bxf1 38. Bf3 Kf8 39. Kd4
Ke7 40. Ke3 Kf6 41. Kf4 a5 42. Bd1 Bg2  0-1

[Event "M.Chigorin Memorial 2017 "]
[Site "?????-?????????"]
[Date "2017.10.27"]
[Round "7"]
[Board "37"]
[White "Zhai, Mo"]
[Black "Khanin, Semen"]
[Result "1/2-1/2"]
[WhiteElo "2300"]
[BlackElo "2450"]
[PlyCount "86"]
[EventDate "2017.10.21"]
[EventRounds "9"]
[EventCountry "RUS"]

1. d4 Nf6 2. c4 g6 3. Nf3 Bg7 4. g3 O-O 5. Bg2 c6 6. Nc3 d5 7. cxd5 cxd5 8. Ne5
Nc6 9. O-O e6 10. Bf4 Bd7 11. Qd2 Nh5 12. Bg5 f6 13. Nxc6 Bxc6 14. Bh6 Bxh6 15.
Qxh6 f5 16. Qd2 Qf6 17. Rac1 f4 18. Bf3 Ng7 19. e3 fxg3 20. fxg3 Nf5 21. Rf2
Qe7 22. Rcf1 Qg5 23. e4 Qxd2 24. Rxd2 dxe4 25. Bxe4 Bxe4 26. Nxe4 Rfd8 27. Rfd1
Rac8 28. Ng5 Rc6 29. d5 exd5 30. Rxd5 Rxd5 31. Rxd5 Rc1+ 32. Kf2 Rc2+ 33. Kf3
Rxb2 34. Rd8+ Kg7 35. Rd7+ Kf6 36. Nxh7+ Ke5 37. Nf8 Rxh2 38. Nxg6+ Kf6 39. Nh4
Ne7 40. Ng2 Rh5 41. Rxb7 Ra5 42. Rb2 Ra3+ 43. Kf2 Nf5  1/2-1/2

[Event "M.Chigorin Memorial 2017 "]
[Site "?????-?????????"]
[Date "2017.10.27"]
[Round "7"]
[Board "38"]
[White "Malakhov, Igor"]
[Black "Ivlev, Aleksey"]
[Result "1/2-1/2"]
[WhiteElo "2446"]
[BlackElo "2296"]
[PlyCount "138"]
[EventDate "2017.10.21"]
[EventRounds "9"]
[EventCountry "RUS"]

1. e4 e5 2. Nf3 Nc6 3. Bb5 a6 4. Ba4 Nf6 5. Bxc6 dxc6 6. d3 Nd7 7. Nbd2 Be7 8.
Nc4 f6 9. Nh4 Nf8 10. Nf5 Ne6 11. O-O O-O 12. Kh1 Bc5 13. Qg4 Kh8 14. Qg3 g6
15. Nh6 b5 16. Na5 Bb6 17. Nb3 c5 18. c4 Bb7 19. f3 Qxd3 20. Nd2 bxc4 21. Ng4
Ba5 22. Qf2 Rad8 23. Nb1 Nf4 24. Bxf4 exf4 25. Nc3 Bxc3 26. bxc3 h5 27. Qh4 Kg7
28. Nf2 Qd6 29. Nh3 g5 30. Qe1 Qe5 31. Rc1 Bc8 32. Nf2 Rd6 33. Nd1 Rfd8 34. Nb2
Be6 35. Rc2 Bf7 36. Qf2 Rd3 37. Rfc1 R3d7 38. Qe2 f5 39. exf5 Qxe2 40. Rxe2 Rd2
41. Rce1 g4 42. Kg1 Kf6 43. Na4 Rxe2 44. Rxe2 gxf3 45. gxf3 Rd3 46. Nxc5 Rxf3
47. Kg2 Bd5 48. Ne4+ Bxe4 49. Rxe4 Rxc3 50. Rxf4 Rc2+ 51. Kg3 c3 52. Rf3 Rc1
53. Kh3 a5 54. a4 Rc2 55. Kg3 c5 56. h3 Kg5 57. Rf4 Rd2 58. h4+ Kf6 59. Rc4
Rd3+ 60. Kf2 Kxf5 61. Rxc5+ Kg4 62. Rxa5 Rd2+ 63. Ke3 Kxh4 64. Rc5 Ra2 65. Rxc3
Kg4 66. Rc8 h4 67. Rg8+ Kh3 68. a5 Rxa5 69. Kf2 Kh2  1/2-1/2

[Event "M.Chigorin Memorial 2017 "]
[Site "?????-?????????"]
[Date "2017.10.27"]
[Round "7"]
[Board "39"]
[White "Maltsevskaya, Aleksandra"]
[Black "Palchun, Grigory"]
[Result "0-1"]
[WhiteElo "2260"]
[BlackElo "2441"]
[PlyCount "64"]
[EventDate "2017.10.21"]
[EventRounds "9"]
[EventCountry "RUS"]

1. c4 Nf6 2. Nc3 e6 3. g3 d5 4. Bg2 b6 5. Nf3 Bb7 6. Ne5 Bd6 7. Qa4+ c6 8. cxd5
exd5 9. d4 O-O 10. O-O Re8 11. f4 b5 12. Qd1 Qb6 13. Kh1 c5 14. Qb3 cxd4 15.
Nxb5 Bc5 16. Bd2 Nc6 17. Rac1 Rac8 18. Rxc5 Qxc5 19. Rc1 Qe7 20. Nd6 Qxd6 21.
Qxb7 Ne7 22. Rxc8 Rxc8 23. Qxa7 Ne4 24. Qxd4 Nf5 25. Qa7 Nxd2 26. Qxf7+ Kh8 27.
h3 Nxg3+ 28. Kh2 Ndf1+ 29. Bxf1 Nxf1+ 30. Kg1 Qb6+ 31. Kg2 Qe3 32. Qh5 Qg3+  0-1

[Event "M.Chigorin Memorial 2017 "]
[Site "?????-?????????"]
[Date "2017.10.27"]
[Round "7"]
[Board "40"]
[White "Kozionov, Kirill"]
[Black "Yeritsyan, Aram"]
[Result "1/2-1/2"]
[WhiteElo "2433"]
[BlackElo "2293"]
[PlyCount "80"]
[EventDate "2017.10.21"]
[EventRounds "9"]
[EventCountry "RUS"]

1. Nf3 Nf6 2. g3 b5 3. d3 Bb7 4. e4 e6 5. Bg2 d6 6. O-O c5 7. Nh4 d5 8. exd5
Bxd5 9. Nc3 Bxg2 10. Nxg2 a6 11. Qf3 Ra7 12. h4 Be7 13. a4 b4 14. Ne4 O-O 15.
Ne3 Nbd7 16. Nc4 Nd5 17. Bf4 f5 18. Ng5 Nxf4 19. Qxf4 e5 20. Nxe5 Nxe5 21. Qxe5
Bxg5 22. hxg5 f4 23. Rae1 Raf7 24. Qxc5 b3 25. cxb3 Qxd3 26. Qc4 Qf3 27. gxf4
Qg4+ 28. Kh1 Kh8 29. Qxf7 Qh3+ 30. Kg1 Qg4+ 31. Kh1 Qh3+ 32. Kg1 Qg4+ 33. Kh1
Qh3+ 34. Kg1 Qg4+ 35. Kh1 Qh3+ 36. Kg1 Qg4+ 37. Kh1 Qh3+ 38. Kg1 Qg4+ 39. Kh1
Qh3+ 40. Kg1 Qg4+  1/2-1/2

[Event "M.Chigorin Memorial 2017 "]
[Site "?????-?????????"]
[Date "2017.10.27"]
[Round "7"]
[Board "41"]
[White "Bodnaruk, Anastasia"]
[Black "Evdokimov, Alexey"]
[Result "0-1"]
[WhiteElo "2432"]
[BlackElo "2280"]
[PlyCount "118"]
[EventDate "2017.10.21"]
[EventRounds "9"]
[EventCountry "RUS"]

1. e4 d6 2. d4 Nf6 3. Nc3 g6 4. Be3 Bg7 5. Qd2 O-O 6. O-O-O Nc6 7. d5 Ne5 8. h3
c6 9. f4 Ned7 10. g4 cxd5 11. exd5 Qa5 12. Nf3 Nc5 13. Nd4 Bd7 14. g5 Nh5 15.
Qe1 b5 16. a3 Rfc8 17. Kb1 Na4 18. Nxa4 Qxa4 19. Rh2 Rab8 20. Qb4 Qa6 21. Rf2
Qb7 22. Bg2 Rc4 23. Qb3 Ng3 24. Nc6 Bxc6 25. dxc6 Qc7 26. Qd3 Nf5 27. Be4 Nxe3
28. Qxe3 e6 29. h4 d5 30. Bg2 b4 31. a4 Qxc6 32. b3 Rc3 33. Rd3 Rc8 34. Rxc3
Qxc3 35. Qxc3 Rxc3 36. Bf3 Re3 37. Rf1 Bc3 38. h5 a5 39. hxg6 hxg6 40. Kc1 Re1+
41. Rxe1 Bxe1 42. Kd1 Bg3 43. f5 gxf5 44. Ke2 Kg7 45. Bh5 Bf4 46. Kd3 Bxg5 47.
Kd4 Be7 48. Ke5 Bc5 49. Be2 Kf8 50. Kf6 Bd4+ 51. Kg5 Kg7 52. Bd3 Be3+ 53. Kh4
Kf6 54. Kg3 e5 55. Bb5 e4 56. Bc6 Ke5 57. Kg2 f4 58. Kh3 f5 59. Kg2 f3+  0-1

[Event "M.Chigorin Memorial 2017 "]
[Site "?????-?????????"]
[Date "2017.10.27"]
[Round "7"]
[Board "42"]
[White "Gogolev, Artem"]
[Black "Ibadov, Dashgyn"]
[Result "1-0"]
[WhiteElo "2427"]
[BlackElo "2213"]
[PlyCount "127"]
[EventDate "2017.10.21"]
[EventRounds "9"]
[EventCountry "RUS"]

1. Nf3 g6 2. c4 Bg7 3. Nc3 c5 4. e3 Nf6 5. d4 O-O 6. Be2 cxd4 7. exd4 d5 8. O-O
Nc6 9. Bg5 Ne4 10. Bf4 Nxc3 11. bxc3 dxc4 12. Bxc4 b6 13. Re1 Na5 14. Bf1 Bb7
15. Ne5 Rc8 16. Rc1 e6 17. Qd2 Re8 18. Qe3 f6 19. Nf3 Nc4 20. Bxc4 Rxc4 21. Nd2
Rc8 22. c4 b5 23. Rb1 Bc6 24. cxb5 Bb7 25. Nb3 Qd5 26. f3 g5 27. Bg3 g4 28. Nc5
Ba8 29. Bf2 gxf3 30. Qxf3 Qxa2 31. Qh3 e5 32. Ra1 Qf7 33. dxe5 fxe5 34. Ne4 Qg6
35. Ng3 Rc7 36. Rxa7 Rxa7 37. Bxa7 Qf7 38. Be3 Kh8 39. Qh5 Qe6 40. b6 Rf8 41.
Rf1 Rxf1+ 42. Nxf1 Bb7 43. Qd1 Bf6 44. Qd2 Kg8 45. Ng3 Qc6 46. Nf5 Ba8 47. Qa2+
Qd5 48. Qxd5+ Bxd5 49. Kf2 Kf8 50. Bc5+ Ke8 51. Ne3 Bb7 52. Ng4 Bg7 53. Bd6 e4
54. Ke3 Kd7 55. Be5 h5 56. Bxg7 hxg4 57. Bd4 Kc6 58. h4 gxh3 59. gxh3 Kd5 60.
h4 Ke6 61. Kf4 Bc6 62. h5 Kf7 63. Ke5 Ba8 64. Be3  1-0

[Event "M.Chigorin Memorial 2017 "]
[Site "?????-?????????"]
[Date "2017.10.27"]
[Round "7"]
[Board "43"]
[White "Gaifullin, Artur"]
[Black "Derli, Olga"]
[Result "1-0"]
[WhiteElo "2414"]
[BlackElo "2162"]
[PlyCount "105"]
[EventDate "2017.10.21"]
[EventRounds "9"]
[EventCountry "RUS"]

1. d4 Nf6 2. c4 g6 3. Nc3 Bg7 4. e4 d6 5. Be2 O-O 6. Nf3 e5 7. Be3 Na6 8. O-O
exd4 9. Nxd4 Nc5 10. f3 Re8 11. Qd2 Ne6 12. Rfd1 Nh5 13. Nxe6 Bxe6 14. g4 Nf6
15. Bg5 Qc8 16. Rac1 Nd7 17. Kh1 f6 18. Be3 Ne5 19. Nb5 a6 20. Nd4 Nxg4 21.
fxg4 Bxg4 22. Rg1 Bxe2 23. Nxe2 Qe6 24. Ng3 f5 25. Bd4 f4 26. Bxg7 fxg3 27. Bc3
gxh2 28. Rge1 Qh3 29. Qg2 Qxg2+ 30. Kxg2 Re6 31. e5 dxe5 32. Rxe5 Rae8 33. Rce1
Kf7 34. Kxh2 Rxe5 35. Bxe5 c6 36. Kg3 g5 37. Rf1+ Kg6 38. Rf6+ Kh5 39. Bc3 Re3+
40. Kf2 Re7 41. Kf3 Rd7 42. c5 g4+ 43. Kf4 Rd1 44. Rf5+ Kh4 45. Bf6+ Kh3 46.
Rh5+ Kg2 47. Kxg4 Rd7 48. Re5 Rd4+ 49. Kf5 Kf3 50. Ke6 Rd2 51. Rh5 Rc2 52. Kd6
Rd2+ 53. Kc7  1-0

[Event "M.Chigorin Memorial 2017 "]
[Site "?????-?????????"]
[Date "2017.10.27"]
[Round "7"]
[Board "44"]
[White "Artamonov, Valery"]
[Black "Sindarov, Javokhir"]
[Result "1/2-1/2"]
[WhiteElo "2273"]
[BlackElo "2406"]
[PlyCount "126"]
[EventDate "2017.10.21"]
[EventRounds "9"]
[EventCountry "RUS"]

1. Nf3 Nf6 2. b3 g6 3. Bb2 Bg7 4. c4 O-O 5. g3 e6 6. Bg2 d5 7. O-O b6 8. cxd5
exd5 9. d3 Bb7 10. Qc2 Re8 11. e3 Nbd7 12. Nc3 c5 13. Rac1 Qe7 14. Rfe1 Rac8
15. Qb1 Red8 16. Ne2 b5 17. Qa1 a5 18. Ne5 Nb6 19. Rc2 a4 20. Bh3 Ra8 21. Qc1
Ne8 22. f4 f6 23. Ng4 c4 24. Bd4 cxd3 25. Rc3 Nd7 26. Rxd3 f5 27. Nf2 Nd6 28.
Bg2 Ne4 29. Nxe4 dxe4 30. Rc3 Rdc8 31. bxa4 bxa4 32. Rd1 Nf6 33. Bf1 Nd5 34.
Bxg7 Qxg7 35. Rc5 Qf8 36. Rxc8 Rxc8 37. Qb2 Nxe3 38. Qxb7 Nxd1 39. Qd5+ Qf7 40.
Qxd1 Qxa2 41. Qd7 Rf8 42. Nc3 Qa1 43. Nxa4 e3 44. Qe6+ Kh8 45. Nc5 Qd4 46. Nb3
Qc3 47. Bc4 g5 48. Qe5+ Qxe5 49. fxe5 Rc8 50. Bd5 Rd8 51. Bc4 f4 52. gxf4 gxf4
53. Kg2 Rc8 54. Be2 Re8 55. Kf3 Rxe5 56. Kxf4 Re6 57. h4 Rh6 58. h5 Rb6 59. Nc5
Rc6 60. Ne4 Kg7 61. Ng3 Rc3 62. Nf5+ Kf6 63. Nd6 Kg7  1/2-1/2

[Event "M.Chigorin Memorial 2017 "]
[Site "?????-?????????"]
[Date "2017.10.27"]
[Round "7"]
[Board "45"]
[White "Shirshov, Nikolay"]
[Black "Ofitserian, Boris"]
[Result "0-1"]
[WhiteElo "2134"]
[BlackElo "2402"]
[PlyCount "72"]
[EventDate "2017.10.21"]
[EventRounds "9"]
[EventCountry "RUS"]

1. Nf3 Nf6 2. c4 g6 3. Nc3 d5 4. cxd5 Nxd5 5. Qb3 Nb6 6. d4 Bg7 7. e4 O-O 8.
Be3 a5 9. Rd1 a4 10. Qc2 Bg4 11. Be2 Nc6 12. d5 Nb4 13. Qd2 a3 14. b3 Nd7 15.
Na4 c5 16. h3 Bxf3 17. Bxf3 Qa5 18. O-O c4 19. Rb1 Rfc8 20. Rfc1 Nd3 21. Rc2
Qxd2 22. Rxd2 b5 23. Nb6 Nxb6 24. Bxb6 Bb2 25. Bd1 Nb4 26. bxc4 bxc4 27. Rdxb2
axb2 28. Rxb2 Rxa2 29. Rxb4 Ra1 30. Kf1 Rxd1+ 31. Ke2 Ra1 32. Rb2 Rb8 33. Kd2
Ra3 34. Kc2 f5 35. e5 Rd3 36. Rb5 Rb3  0-1

[Event "M.Chigorin Memorial 2017 "]
[Site "?????-?????????"]
[Date "2017.10.27"]
[Round "7"]
[Board "46"]
[White "Meribanov, Vitaly"]
[Black "Golikov, Daniil"]
[Result "1-0"]
[WhiteElo "2386"]
[BlackElo "2138"]
[PlyCount "109"]
[EventDate "2017.10.21"]
[EventRounds "9"]
[EventCountry "RUS"]

1. e4 e6 2. d4 d5 3. Nd2 dxe4 4. Nxe4 Nd7 5. Nf3 Be7 6. Be3 Ngf6 7. Nxf6+ Nxf6
8. Ne5 O-O 9. Qf3 Rb8 10. Bd3 b6 11. Nc6 Bb7 12. O-O Qd6 13. Nxe7+ Qxe7 14. Qe2
Qd6 15. Rfd1 Nd5 16. Qh5 g6 17. Qh6 Nxe3 18. fxe3 e5 19. c3 exd4 20. exd4 Rbe8
21. Rd2 Re7 22. Rf1 Qd5 23. b3 b5 24. Rf5 Qe6 25. Re5 Qd6 26. Rxe7 Qxe7 27.
Bxb5 Qe1+ 28. Bf1 Re8 29. Qf4 Qc1 30. Rf2 Qxf4 31. Rxf4 Re1 32. c4 Ra1 33. Rf2
Be4 34. Rd2 f5 35. Kf2 Kg7 36. Be2 Kf6 37. c5 c6 38. Bc4 g5 39. b4 Rb1 40. a3
h5 41. d5 cxd5 42. Bxd5 Bxd5 43. Rxd5 a5 44. c6 Rb2+ 45. Ke3 Rc2 46. Rc5 Rxc5
47. bxc5 Ke6 48. h4 gxh4 49. Kf4 a4 50. Kg5 Ke7 51. Kxf5 Kd8 52. Ke6 Kc8 53.
Kd6 Kd8 54. c7+ Kc8 55. Kc6  1-0

[Event "M.Chigorin Memorial 2017 "]
[Site "?????-?????????"]
[Date "2017.10.27"]
[Round "7"]
[Board "47"]
[White "Oglaza, Oskar"]
[Black "Litvinov, Maxim"]
[Result "1-0"]
[WhiteElo "2182"]
[BlackElo "2373"]
[PlyCount "63"]
[EventDate "2017.10.21"]
[EventRounds "9"]
[EventCountry "RUS"]

1. e4 d6 2. d4 Nf6 3. Nc3 e5 4. Nf3 Nbd7 5. Bc4 Be7 6. O-O O-O 7. a4 c6 8. Re1
exd4 9. Nxd4 Ne5 10. Bb3 Re8 11. h3 Bd7 12. f4 Ng6 13. Be3 Qa5 14. f5 Ne5 15.
Nf3 Rad8 16. Nxe5 dxe5 17. Qf3 Bc5 18. g4 h6 19. h4 Bxe3+ 20. Rxe3 Qc5 21. Rae1
Nh7 22. g5 Kh8 23. Bxf7 Rf8 24. Qh5 Be8 25. Bxe8 Rdxe8 26. Kh1 Rg8 27. f6 Re6
28. Qf7 Rd6 29. b4 Qd4 30. Rd3 Qf2 31. fxg7+ Rxg7 32. Qxf2  1-0

[Event "M.Chigorin Memorial 2017 "]
[Site "?????-?????????"]
[Date "2017.10.27"]
[Round "7"]
[Board "48"]
[White "Iljiushenok, Ilia"]
[Black "Tarasov, Ilya"]
[Result "1-0"]
[WhiteElo "2519"]
[BlackElo "2102"]
[PlyCount "83"]
[EventDate "2017.10.21"]
[EventRounds "9"]
[EventCountry "RUS"]

1. e4 d6 2. d4 Nf6 3. Nc3 g6 4. Be3 c6 5. h3 Qa5 6. Bd3 Nbd7 7. f4 c5 8. Qd2 a6
9. Nf3 cxd4 10. Bxd4 e5 11. Be3 Bg7 12. fxe5 Nxe5 13. Nxe5 dxe5 14. O-O Be6 15.
Qf2 Nd7 16. Nd5 Bxd5 17. exd5 O-O 18. Bc4 f5 19. Rad1 Qc7 20. Bb3 Qd6 21. c4
Rac8 22. Qe2 Kh8 23. Kh1 Rfd8 24. a3 b6 25. Bc2 b5 26. cxb5 axb5 27. Bb1 b4 28.
axb4 Qxb4 29. Bg5 Re8 30. d6 Rc6 31. Be7 Bf8 32. Bxf5 gxf5 33. Qh5 Rcc8 34.
Qxf5 Bxe7 35. dxe7 Rxe7 36. Rxd7 Rxd7 37. Qxd7 Rf8 38. Rxf8+ Qxf8 39. Qd3 Qf4
40. Qf3 Qc1+ 41. Kh2 Kg7 42. Qc3  1-0

[Event "M.Chigorin Memorial 2017 "]
[Site "?????-?????????"]
[Date "2017.10.27"]
[Round "7"]
[Board "49"]
[White "Praggnanandhaa, R"]
[Black "Nazaretyan, Tigran"]
[Result "1-0"]
[WhiteElo "2503"]
[BlackElo "2303"]
[PlyCount "77"]
[EventDate "2017.10.21"]
[EventRounds "9"]
[EventCountry "RUS"]

1. e4 c5 2. Nf3 Nc6 3. d4 cxd4 4. Nxd4 Nf6 5. Nc3 d6 6. Bg5 e6 7. Qd2 a6 8.
O-O-O Bd7 9. f3 Be7 10. h4 h6 11. Be3 h5 12. Kb1 Ne5 13. Bg5 b5 14. Bd3 Qb6 15.
Nce2 Rc8 16. Qe1 b4 17. Qg3 a5 18. Bc1 g6 19. Be3 Qb8 20. Ba6 Rc7 21. Nc1 Nc4
22. Bxc4 Rxc4 23. Bg5 O-O 24. Rhe1 Rfc8 25. f4 Qb6 26. e5 dxe5 27. fxe5 Nd5 28.
Bxe7 Rxd4 29. Bf6 Qc5 30. Nd3 Qxc2+ 31. Ka1 Rc3 32. bxc3 Nxc3 33. Qf2 Qa4 34.
Rd2 b3 35. Nc5 b2+ 36. Rxb2 Qd1+ 37. Rb1 Rd2 38. Rexd1 Rxf2 39. Rb8+  1-0

[Event "M.Chigorin Memorial 2017 "]
[Site "?????-?????????"]
[Date "2017.10.27"]
[Round "7"]
[Board "50"]
[White "Vasilyev, Vasily"]
[Black "Nechaeva, Marina"]
[Result "0-1"]
[WhiteElo "2291"]
[BlackElo "2431"]
[PlyCount "143"]
[EventDate "2017.10.21"]
[EventRounds "9"]
[EventCountry "RUS"]

1. d4 d5 2. Nf3 Nf6 3. g3 Bf5 4. Bg2 e6 5. O-O h6 6. c4 c6 7. Nc3 Nbd7 8. Qb3
Qb6 9. c5 Qxb3 10. axb3 a6 11. b4 Rc8 12. h3 Be7 13. g4 Bh7 14. Bf4 Ne4 15. e3
O-O 16. Rfd1 f6 17. Bh2 Bd8 18. Nd2 f5 19. f3 Nef6 20. Re1 Bc7 21. Bxc7 Rxc7
22. gxf5 Bxf5 23. e4 Bg6 24. h4 Nh5 25. Ne2 Nf4 26. Ra3 Nxe2+ 27. Rxe2 Rf4 28.
Bh3 Nf8 29. Kg2 Rxh4 30. Kg3 Rh5 31. Rae3 Rg5+ 32. Kf2 Rf7 33. exd5 exd5 34.
Re8 Bf5 35. Bg2 Rg6 36. Nb3 Be4 37. Re3 Kh7 38. Nd2 Bf5 39. R3e7 Rxe7 40. Rxe7
Bd7 41. Nb3 Re6 42. Rxe6 Bxe6 43. Kg3 Kg6 44. Nc1 Bf5 45. Ne2 Kf6 46. Kf4 Ne6+
47. Ke3 g5 48. Ng3 Nf4 49. Bf1 Bg6 50. Ne2 Nd3 51. Bh3 Nxb4 52. Bc8 Ke7 53. f4
Kd8 54. Be6 gxf4+ 55. Nxf4 Nc2+ 56. Kf2 Be4 57. Ne2 Bd3 58. Nf4 Bb5 59. Kg3
Nxd4 60. Bg4 Nb3 61. Ne6+ Ke7 62. Kf4 Kf6 63. Bd1 Kxe6 64. Bxb3 Be2 65. Bc2 Kd7
66. Bf5+ Kc7 67. Ke3 Bd1 68. b4 h5 69. Kd4 Bg4 70. Bd3 h4 71. Bf1 h3 72. Ke5
 0-1

[Event "M.Chigorin Memorial 2017 "]
[Site "?????-?????????"]
[Date "2017.10.27"]
[Round "7"]
[Board "51"]
[White "Vlasenko, Miroslav"]
[Black "Klepikov, Nikita"]
[Result "0-1"]
[WhiteElo "2423"]
[BlackElo "2272"]
[PlyCount "122"]
[EventDate "2017.10.21"]
[EventRounds "9"]
[EventCountry "RUS"]

1. d4 Nf6 2. Bg5 Ne4 3. Bf4 c5 4. f3 Nf6 5. d5 d6 6. e4 g6 7. c4 Bg7 8. Nc3 O-O
9. Nge2 Nfd7 10. Qd2 Re8 11. Ng3 h5 12. Be2 Nf8 13. O-O e5 14. Be3 Nh7 15. a3
Nd7 16. b4 b6 17. Bd1 a6 18. Ba4 Rf8 19. Bc6 Ra7 20. Rab1 h4 21. Nge2 f5 22. h3
f4 23. Bf2 Ndf6 24. bxc5 bxc5 25. Rb8 Nh5 26. Kh2 Ng3 27. Rfb1 Qa5 28. Qb2 Ng5
29. Ng1 Bd7 30. Rxf8+ Bxf8 31. Bxd7 Rxd7 32. Nge2 Nf7 33. Kg1 Nd8 34. Qc1 Be7
35. Be1 Nxe2+ 36. Nxe2 Qa4 37. Qc3 Nb7 38. Qb3 Qxb3 39. Rxb3 Bd8 40. Kf1 Kf7
41. Nc1 g5 42. Ke2 Ke8 43. Kd3 Rh7 44. Rb1 Rg7 45. Nb3 Rh7 46. Bc3 Rf7 47. Nd2
Rh7 48. Kc2 Rf7 49. Kb3 Kd7 50. Ka4 Kc8 51. Nb3 Bf6 52. Ba5 Bd8 53. Bxd8 Nxd8
54. Ka5 Ra7 55. Kb6 Ra8 56. Nd2 Kd7 57. Rb3 Kc8 58. Rd3 Kd7 59. Nb3 Kc8 60. Rc3
Rb8+ 61. Ka7 Kc7  0-1

[Event "M.Chigorin Memorial 2017 "]
[Site "?????-?????????"]
[Date "2017.10.27"]
[Round "7"]
[Board "52"]
[White "Obgolts, Erik"]
[Black "Faizrakhmanov, Ramil"]
[Result "0-1"]
[WhiteElo "2271"]
[BlackElo "2421"]
[PlyCount "80"]
[EventDate "2017.10.21"]
[EventRounds "9"]
[EventCountry "RUS"]

1. Nf3 Nf6 2. g3 g6 3. Bg2 Bg7 4. O-O O-O 5. d4 d5 6. c4 dxc4 7. Na3 c3 8. bxc3
c5 9. Bb2 Nc6 10. e3 Qb6 11. Qb3 Be6 12. Qxb6 axb6 13. Ng5 Bd7 14. Nc4 Ra6 15.
d5 Na5 16. Nxa5 Rxa5 17. c4 Rfa8 18. a3 Ne8 19. Bxg7 Kxg7 20. Rfb1 h6 21. Nf3
Rxa3 22. Rxa3 Rxa3 23. h3 Ra6 24. e4 Nd6 25. Nd2 Nc8 26. Rb2 Ra1+ 27. Kh2 Rc1
28. Bf1 b5 29. Kg2 bxc4 30. Nxc4 b5 31. Ne5 Bxh3+ 32. Kxh3 Rxf1 33. Rxb5 Nd6
34. Rxc5 Rxf2 35. Rc7 Nxe4 36. Rxe7 Ng5+ 37. Kh4 Rh2+ 38. Kg4 Rd2 39. Nf3 Nxf3
40. Kxf3 Rxd5  0-1

[Event "M.Chigorin Memorial 2017 "]
[Site "?????-?????????"]
[Date "2017.10.27"]
[Round "7"]
[Board "53"]
[White "Makarian, Rudik"]
[Black "Sadovsky, Artem"]
[Result "0-1"]
[WhiteElo "2263"]
[BlackElo "2407"]
[PlyCount "82"]
[EventDate "2017.10.21"]
[EventRounds "9"]
[EventCountry "RUS"]

1. e4 g6 2. d4 Bg7 3. Nc3 c6 4. f4 d5 5. e5 h5 6. Be3 Nh6 7. Nf3 Bg4 8. h3 Nf5
9. Bf2 Bxf3 10. Qxf3 h4 11. Bd3 e6 12. O-O Nd7 13. Ne2 Bf8 14. b3 Ba3 15. c4 a5
16. Rab1 Nb8 17. Nc3 Kf8 18. Rfd1 Be7 19. Na4 Na6 20. c5 Nb4 21. Be2 Nxa2 22.
Be1 Nb4 23. Nb6 Nxd4 24. Rxd4 Bxc5 25. Nxa8 Bxd4+ 26. Bf2 Bxf2+ 27. Qxf2 Qxa8
28. Ra1 Kg7 29. f5 exf5 30. e6 fxe6 31. Qc5 Qf8 32. Qxa5 Qe7 33. Qb6 Rc8 34.
Ra7 Rc7 35. Ra8 Kh7 36. Rb8 Rd7 37. Qa7 d4 38. Qa8 Qg7 39. Re8 d3 40. Bd1 Nd5
41. Qa4 Qf6  0-1

[Event "M.Chigorin Memorial 2017 "]
[Site "?????-?????????"]
[Date "2017.10.27"]
[Round "7"]
[Board "54"]
[White "Salman, Pavel"]
[Black "Gubajdullin, Alexei"]
[Result "0-1"]
[WhiteElo "2260"]
[BlackElo "2391"]
[PlyCount "106"]
[EventDate "2017.10.21"]
[EventRounds "9"]
[EventCountry "RUS"]

1. d4 g6 2. c4 Bg7 3. Nc3 c5 4. d5 Bxc3+ 5. bxc3 f5 6. Nf3 Qa5 7. Qb3 Nf6 8.
Bh6 Ne4 9. Rc1 d6 10. e3 Nd7 11. Be2 Nb6 12. O-O Rg8 13. Bd3 g5 14. h4 gxh4 15.
Qc2 Rg4 16. Bf4 Qa4 17. Bxe4 fxe4 18. Qxe4 Qxc4 19. Qxh7 Qxd5 20. Nxh4 Qf7 21.
Qxf7+ Kxf7 22. Nf3 Bf5 23. Rfe1 Rag8 24. Bg3 Ra4 25. Re2 Bg4 26. e4 Nc4 27.
Rcc2 e5 28. Re1 Bxf3 29. gxf3 Ke6 30. Kf1 Rf8 31. Ke2 b5 32. Rh1 Kd7 33. Rh4
Kc6 34. Rh6 Rf7 35. Bh4 Ra6 36. Bg5 Rb6 37. Rh4 b4 38. cxb4 Rxb4 39. Bc1 Nb6
40. Rh6 Nd7 41. Bg5 Nb6 42. Bc1 a5 43. Bd2 Ra4 44. Be3 Nc4 45. Bc1 Rb4 46. Rh4
Nb6 47. Bd2 Rb5 48. f4 exf4 49. Bxf4 Rb4 50. f3 Rg7 51. Kf2 Rg6 52. Be3 Nc4 53.
Rh8 Rg2+  0-1

[Event "M.Chigorin Memorial 2017 "]
[Site "?????-?????????"]
[Date "2017.10.27"]
[Round "7"]
[Board "55"]
[White "Saveliev, Alexei"]
[Black "Murzin, Volodar"]
[Result "1/2-1/2"]
[WhiteElo "2387"]
[BlackElo "2270"]
[PlyCount "115"]
[EventDate "2017.10.21"]
[EventRounds "9"]
[EventCountry "RUS"]

1. d4 Nf6 2. Bf4 g6 3. Nc3 d5 4. e3 Bg7 5. h4 h5 6. Be2 O-O 7. Nf3 c5 8. Qd2
Nc6 9. O-O-O c4 10. Ne5 Bf5 11. f3 Qa5 12. e4 dxe4 13. Nxc4 Qd8 14. d5 Nb8 15.
Ne3 exf3 16. Bxf3 Bd7 17. Rhe1 Re8 18. Kb1 Bg4 19. Bxg4 hxg4 20. Bg5 Nbd7 21.
d6 exd6 22. Nxg4 Qb6 23. Rxe8+ Rxe8 24. Nxf6+ Bxf6 25. Bxf6 Nxf6 26. a3 Re6 27.
Qf4 Qc5 28. Rf1 d5 29. h5 Qc4 30. Qxc4 dxc4 31. hxg6 fxg6 32. Rf4 Rc6 33. Kc1
Kg7 34. Rd4 a6 35. Kd2 Kf7 36. Ke3 Ke6 37. Kf4 Rc5 38. Rd8 Rf5+ 39. Ke3 Ke5 40.
Ke2 Kf4 41. Rd6 Re5+ 42. Kd2 Kg5 43. Rd4 Rc5 44. Ke3 Re5+ 45. Kd2 Rc5 46. Ke3
Re5+ 47. Kf3 Rf5+ 48. Kg3 Rc5 49. Rd6 Re5 50. Kf3 Re1 51. Rd4 b5 52. Nd1 Rf1+
53. Ke2 Rg1 54. Kf2 Rh1 55. Ke2 Rg1 56. Kf2 Rh1 57. Ke2 Rg1 58. Kf2  1/2-1/2

[Event "M.Chigorin Memorial 2017 "]
[Site "?????-?????????"]
[Date "2017.10.27"]
[Round "7"]
[Board "56"]
[White "Chukavin, Kirill"]
[Black "Chekletsov, Ilya"]
[Result "0-1"]
[WhiteElo "2256"]
[BlackElo "2372"]
[PlyCount "110"]
[EventDate "2017.10.21"]
[EventRounds "9"]
[EventCountry "RUS"]

1. e4 c5 2. Nf3 d6 3. d4 cxd4 4. Nxd4 Nf6 5. Nc3 g6 6. g3 Nc6 7. Nde2 Bd7 8.
Bg2 Qc8 9. h3 Bg7 10. g4 O-O 11. f4 h5 12. g5 Ne8 13. Nd5 Rb8 14. c3 b5 15. Nd4
Qd8 16. O-O e6 17. Nxc6 Bxc6 18. Nb4 Qb6+ 19. Kh1 Ba8 20. f5 Be5 21. fxg6 fxg6
22. Rxf8+ Kxf8 23. Qf3+ Kg8 24. Be3 Qb7 25. Nd3 Bg7 26. Nf4 Qf7 27. Rf1 e5 28.
Nd5 Qxf3 29. Bxf3 Rb7 30. Rd1 Rf7 31. Kg2 Bf8 32. b3 Bxd5 33. exd5 Ng7 34. Rc1
Nf5 35. Bf2 Be7 36. h4 Bd8 37. Be4 Bb6 38. Bxf5 gxf5 39. Ra1 Rc7 40. Be1 Kf7
41. Kf3 Kg6 42. a4 Rc5 43. a5 e4+ 44. Kg3 Bd8 45. Rd1 a6 46. Kf4 Be7 47. Ke3
Bf8 48. b4 Rc4 49. Rd4 Rc8 50. Rd1 Bg7 51. Rc1 Rc4 52. Bg3 Bxc3 53. Bxd6 Bd4+
54. Kd2 e3+ 55. Kd1 e2+  0-1